Cambio demográfico y social en el México del siglo XX : una perspectiva de historias de vida /
Trabajo colectivo que centra su atención en la Encuesta Demográfica Retrospectiva, con cuyos resultados los autores recontruyen las trayectorias de hombres y mujeres de tres generaciones de mexicanos que transitaron a la vida adulta en distintos momentos de la segunda mitad del siglo pasado, tiempo...
Wedi'i Gadw mewn:
| Prif Awdur: | |
|---|---|
| Awduron Eraill: | , |
| Fformat: | Llyfr |
| Iaith: | Sbaeneg |
| Cyhoeddwyd: |
México : Tijuana, México : Monterrey, México :
Congreso de la Unión, Cámara de Diputados, LIX Legislatura : Miguel Angel Porrúa ; El Colegio de la Frontera Norte ; Instituto Tecnológico y de Estudios Superiores de Monterrey,
2005, c2005
|
| Cyfres: | (Conocer para Decidir)
|
| Pynciau: | |
| Tagiau: |
Dim Tagiau, Byddwch y cyntaf i dagio'r cofnod hwn!
|
MARC
| LEADER | 00000nam^a2200000^a^4500 | ||
|---|---|---|---|
| 001 | 000181750 | ||
| 005 | 20250521000000.0 | ||
| 009 | 20260310101942.802 | ||
| 020 | |a 968-7947-37-3 | ||
| 037 | |a Acervo ITESO - Biblioteca | ||
| 041 | |a ESP | ||
| 082 | |a 304. 60972 |b COU | ||
| 100 | |a Coubés, Marie-Laure |e (coord.) | ||
| 245 | 1 | 0 | |a Cambio demográfico y social en el México del siglo XX : |b una perspectiva de historias de vida / |c Coord. de M.L. Coubés, M.E. Zavala de Cosío, R. Zenteno. |
| 264 | 4 | |a México : |b Congreso de la Unión, Cámara de Diputados, LIX Legislatura : |b Miguel Angel Porrúa ; |a Tijuana, México : |b El Colegio de la Frontera Norte ; |a Monterrey, México : |b Instituto Tecnológico y de Estudios Superiores de Monterrey, |c 2005, c2005 | |
| 300 | |a 522 p. | ||
| 336 | |a texto |b txt |2 rdacontenido | ||
| 337 | |a sin mediación |b n |2 rdamedio | ||
| 338 | |a volumen |b nc |2 rdasoporte | ||
| 440 | 1 | |a (Conocer para Decidir) | |
| 520 | |a Trabajo colectivo que centra su atención en la Encuesta Demográfica Retrospectiva, con cuyos resultados los autores recontruyen las trayectorias de hombres y mujeres de tres generaciones de mexicanos que transitaron a la vida adulta en distintos momentos de la segunda mitad del siglo pasado, tiempo caracterizado por transformaciones significativas en la vida económica, social y demográfica del país. | ||
| 649 | |a XX | ||
| 650 | |a Demografía - |z México - |x Aspectos Económicos | ||
| 650 | |a Demografía - |z México - |x Estadísticas | ||
| 650 | |a Demografía - |z México - |x Investigación | ||
| 650 | |a Encuesta - |z México - |x Historia - |y Siglo XX | ||
| 650 | |a Mujeres Mexicanas - |x Condiciones Laborales | ||
| 650 | |a Mujeres Mexicanas - |x Condiciones Sociales y Culturales | ||
| 650 | |a Empleo y Desempleo - |z México | ||
| 650 | |a Sector Productivo y Educación - |z México | ||
| 650 | |a Movilidad Productiva - |z México | ||
| 650 | |a Movilidad Social - |z México | ||
| 650 | |a Trabajo Infantil - |z México | ||
| 650 | |a Educación Formal - |z México | ||
| 650 | |a Educación y Sociedad - |z México | ||
| 650 | |a Desarrollo Profesional - |z México | ||
| 650 | |a Diversidad Cultural - |z México | ||
| 650 | |a Matrimonio - |z México - |x Estadísticas | ||
| 650 | |a Divorcio - |z México - |x Estadísticas | ||
| 650 | |a Relaciones de Pareja - |z México - |x Estadísticas | ||
| 650 | |a Fecundidad - |z México - |x Estadísticas | ||
| 650 | |a Anticonceptivos - |z México | ||
| 650 | |a Familia - |z México | ||
| 650 | |a Relaciones Familiares - |z México | ||
| 650 | |a Relaciones Padres-Hijos - |z México | ||
| 650 | |a Prácticas Culturales - |z México | ||
| 650 | |a Migración Urbano-Rural - |z México | ||
| 650 | |a Zonas Urbanas - |z México - |x Condiciones Sociales y Culturales | ||
| 650 | |a Zonas Urbanas - |z México - |x Condiciones Económicas | ||
| 650 | |a Zonas Rurales - |z México - |x Condiciones Sociales y Culturales | ||
| 650 | |a Zonas Rurales - |z México - |x Condiciones Económicas | ||
| 650 | |a Cambios Sociales y Culturales - |z México - |x Historia - |y Siglo XX | ||
| 650 | |a Historias de Vida - |z México | ||
| 650 | |a Metodología Cualitativa | ||
| 650 | |a Geografía Humana - |z México | ||
| 650 | |a Sociología de la Cultura | ||
| 700 | |a Zavala de Cosío, María Eugenia |e (coordinación) | ||
| 700 | |a Zenteno, René |e (coordinación) | ||
| 910 | |a Fondo General | ||
| 920 | |a Impresos - Libros | ||
| 930 | |a Colección General | ||
| 905 | |a 101 | ||
| 901 | |a 0500121450 |b IT1 |c ACC |u 20250521 | ||
| 901 | |a 0500124423 |b IT1 |c ACC |u 20250521 | ||
| 902 | |a https://opac.biblio.iteso.mx/vufind/Record/000181750 | ||